000 00437nam a2200181Ia 4500
001 18572
005 20260306171640.0
008 260306s9999||||xx |||||||||||||| ||und||
041 _aESP
082 _a658.409
_bD95
100 _aDrucker, Peter Ferdinand
_eAUT
245 0 _aLa gerencia en la sociedad futura
260 _c2002
300 _a304 páginas :
_c23 cm.
650 _aGEN
654 _aCAN
942 _cLIB
_dJUS
_fJUS
_2ddc
_n
999 _c18572
_d18572